000
00277nam a22001217a 4500
041
_a
ENG
100
_a
Thorn.R.B
245
_a
River Engineering And Water Conservation Works
260
_a
London
_b
Butterworths
_c
1966
300
_a
520
650
_a
SWCE
856
_u
SWCE ( 06 )
999
_c
1902
_d
1902